000 01236nam a2200253Ia 4500
001 16228
003 GE_BSU
008 181216s||||||||xx |||||||||||||| ||und||
020 _aISBN 978-9941-13-026-7
040 _cGE_BSU
080 _a821.353.109-1
100 _aშარაბიძე, თამარ
245 _aქრისტიანული მოტივები XIX საუკუნის ქართველ კლასიკოსთა ლირიკაში
245 _bდამხმ. სახელმძღვ. ჰუმანიტ. ფაკ. სტუდ.
245 _cსამეცნ. რედ. ჯ. ჭუმბურიძე
260 _aთბილისი
260 _bთბილ. უნ-ტის გამ-ბა,
260 _c2008
300 _a186გვ. 24სმ.
541 _h11ლ.
653 _aალექსანდრე ჭავჭავაძე; გრიგოლ ორბელიანი; ნიკოლოზ ბარათაშვილი; ილია ჭავჭავაძე; აკაკი წერეთელი; ვაჟა-ფშაველ
653 _aქართული ლიტერატურა
942 _cBK
999 _c49312
_d49312